000 00472nam a22001697a 4500
005 20251108164729.0
008 250721s9999 xx 000 0 ara d
082 1 4 _a801.95/لوي
100 1 _aعوض، لويس
245 1 0 _aالثورة و الأدب /
264 1 _aالقاهرة :
_bمكتبة روز اليوسف،
_c[19-].
300 _a367ص
490 0 _aالكتاب الذهبي
650 1 7 _aالنقد الأدبي
942 _2ddc
_cBK
999 _c12952
_d12952